MARC details
| 000 -LEADER |
| fixed length control field |
01909cam a2200397 i 4500 |
| 001 - CONTROL NUMBER |
| control field |
15790835 |
| 003 - CONTROL NUMBER IDENTIFIER |
| control field |
EG-ScBUE |
| 005 - DATE AND TIME OF LATEST TRANSACTION |
| control field |
20230517142712.0 |
| 008 - FIXED-LENGTH DATA ELEMENTS--GENERAL INFORMATION |
| fixed length control field |
210423s2010 ja af f 000 0 jpn d |
| 020 ## - INTERNATIONAL STANDARD BOOK NUMBER |
| International Standard Book Number |
9784861522475 |
| 035 ## - SYSTEM CONTROL NUMBER |
| System control number |
(OCoLC)ocn763320580 |
| 035 ## - SYSTEM CONTROL NUMBER |
| System control number |
15790835 |
| 040 ## - CATALOGING SOURCE |
| Original cataloging agency |
N15 |
| Language of cataloging |
eng |
| Description conventions |
rda |
| Transcribing agency |
N15 |
| Modifying agency |
TXH |
| -- |
IQU |
| -- |
OCLCF |
| -- |
YDXCP |
| -- |
OCLCQ |
| -- |
OCLCA |
| -- |
UKTTE |
| -- |
OCLCQ |
| -- |
MYA |
| -- |
OCLCO |
| -- |
CtY |
| -- |
EG-ScBUE |
| 041 0# - LANGUAGE CODE |
| Language code of text/sound track or separate title |
jpn |
| -- |
eng |
| 082 04 - DEWEY DECIMAL CLASSIFICATION NUMBER |
| Edition number |
22 |
| Classification number |
701.8 |
| Item number |
HAI |
| 245 00 - TITLE STATEMENT |
| Title |
Haishoku jiten taishō shōwa no shikisai nōto = |
| Remainder of title |
A dictionary of color combinations. |
| 246 31 - VARYING FORM OF TITLE |
| Title proper/short title |
Dictionary of color combinations |
| 264 #1 - PUBLICATION, DISTRIBUTION, ETC. (IMPRINT) |
| Place of publication, distribution, etc |
Kyoto : |
| Name of publisher, distributor, etc |
Seigensha Art Publishing, |
| Date of publication, distribution, etc |
2010. |
| 300 ## - PHYSICAL DESCRIPTION |
| Extent |
281 pages, 71 unnumbered pages of plates : |
| Other physical details |
chiefly color illustrations ; |
| Dimensions |
15 cm |
| 336 ## - CONTENT TYPE |
| Content type term |
text |
| Content type code |
txt |
| Source |
rdacontent |
| 337 ## - MEDIA TYPE |
| Media type term |
unmediated |
| Media type code |
n |
| Source |
rdamedia |
| 338 ## - CARRIER TYPE |
| Carrier type term |
volume |
| Carrier type code |
nc |
| Source |
rdacarrier |
| 500 ## - GENERAL NOTE |
| General note |
"This book is a collection of 348 color combinations originated by Sanzo Wada (1883-1967) who, in that time of increasingly avant-garde and diversified use of color, was quick to focus on the importance of color and laid the foundation for contemporary color research."--Dust jacket. |
| 546 ## - LANGUAGE NOTE |
| Language note |
In Japanese; captions also in English. |
| 600 14 - SUBJECT ADDED ENTRY--PERSONAL NAME |
| Personal name |
Wada, Sanz�o, |
| Dates associated with a name |
1883-1967. |
| 650 #0 - SUBJECT ADDED ENTRY--TOPICAL TERM |
| Topical term or geographic name as entry element |
Color guides. |
| Authority record control number |
http://id.loc.gov/authorities/subjects/sh85028592 |
| 650 #0 - SUBJECT ADDED ENTRY--TOPICAL TERM |
| Topical term or geographic name as entry element |
Color in design. |
| Authority record control number |
http://id.loc.gov/authorities/subjects/sh86002035 |
| 650 #0 - SUBJECT ADDED ENTRY--TOPICAL TERM |
| Topical term or geographic name as entry element |
Color in art. |
| Authority record control number |
http://id.loc.gov/authorities/subjects/sh85028596 |
| 650 #0 - SUBJECT ADDED ENTRY--TOPICAL TERM |
| Topical term or geographic name as entry element |
Color. |
| Authority record control number |
http://id.loc.gov/authorities/subjects/sh85028577 |
| 650 #7 - SUBJECT ADDED ENTRY--TOPICAL TERM |
| Topical term or geographic name as entry element |
Color guides. |
| Source of heading or term |
fast |
| Authority record control number |
(OCoLC)fst00868557 |
| 650 #7 - SUBJECT ADDED ENTRY--TOPICAL TERM |
| Topical term or geographic name as entry element |
Color in design. |
| Source of heading or term |
fast |
| Authority record control number |
(OCoLC)fst00868572 |
| 650 #7 - SUBJECT ADDED ENTRY--TOPICAL TERM |
| Topical term or geographic name as entry element |
Color in art. |
| Source of heading or term |
fast |
| Authority record control number |
(OCoLC)fst00868563 |
| 655 #7 - INDEX TERM--GENRE/FORM |
| Genre/form data or focus term |
Handbooks and manuals. |
| Source of term |
lcgft |
| Authority record control number |
http://id.loc.gov/authorities/genreForms/gf2014026109 |
| 752 ## - ADDED ENTRY--HIERARCHICAL PLACE NAME |
| Country or larger entity |
Japan |
| City |
Kyoto. |
| 942 ## - ADDED ENTRY ELEMENTS (KOHA) |
| Source of classification or shelving scheme |
Dewey Decimal Classification |
| Koha item type |
Book - Borrowing |